Islam in modern Turkey : religion, politics and literature in a secular state
Αποθηκεύτηκε σε:
| Άλλοι συγγραφείς: | |
|---|---|
| Μορφή: | Βιβλίο |
| Γλώσσα: | English |
| Δημοσίευση: |
London :
I. B. Tauris,
1991
|
| Θέματα: | |
| Ετικέτες: |
Προσθήκη ετικέτας
Δεν υπάρχουν, Καταχωρήστε ετικέτα πρώτοι!
|
MARC
| LEADER | 00000nam a2200000 i 4500 | ||
|---|---|---|---|
| 001 | 1/67563 | ||
| 008 | 931104s1991 eng d | ||
| 020 | |a 1-85043-321-6 | ||
| 035 | |l 10001921 | ||
| 040 | |a GR-MY-UA |b gre |e aacr | ||
| 041 | 0 | |a eng | |
| 082 | 0 | |a 306.697095610904 | |
| 245 | 1 | 0 | |a Islam in modern Turkey : |b religion, politics and literature in a secular state / |c Edited by Richard Tapper |
| 260 | |a London : |b I. B. Tauris, |c 1991 | ||
| 300 | |a v, 314 p.; |c 23 cm | ||
| 504 | |a Includes bibliographical references and index | ||
| 650 | 0 | 0 | |a Islam |z Turkey. |
| 650 | 0 | 0 | |a Muslims |z Turkey. |
| 651 | 0 | |a Turkey |x Politics and government |y 1960- | |
| 700 | 1 | |a Tapper, Richard. |4 edt | |
| 852 | |a INST |b LESVOS |e 19931104 |h 306.697095610904 ISL |p 005100010066 |q 005100010066 |t BK |y 0 | ||
| 852 | |a INST |b LESVOS |e 19970923 |h 306.697095610904 ISL |p 005100010750 |q 005100010750 |t BK |y 0 | ||
| 909 | |a Λ |b 033840 | ||
| 909 | |a Λ |b 033840 | ||